Crisis del estado o crisis de hegemonía?

Spremljeno u:
Bibliografski detalji
Glavni autor: Roldan, Mario Reni
Autor kompanije: Partido Socialdemocráta
Format: Tekst
Izdano: San Salvador: Asociación Salvadoreña de Sociología
Oznake: Dodaj oznaku
Bez oznaka, Budi prvi tko označuje ovaj zapis!

MARC

LEADER 00000 a a2200000 04500
001 21285
003
040
090 |a 093000  
100 |a Roldan, Mario Reni  
110 |a Partido Socialdemocráta  
245 |a Crisis del estado o crisis de hegemonía?  
260 |a San Salvador:   |b Asociación Salvadoreña de Sociología  
300 |a 5 p.  
999 |c 6246  |d 6246